If Jay Z is John Lennon... - Statistics

General Stats
  • This quiz has been taken 595 times
  • The average score is 13 of 20
Answer Stats
Hint Answer % Correct
If Jay Z is John Lennon Beyonce is {Yoko Ono}
88%
If Batman is Ken Robin is {Barbie}
88%
If Buzz Lightyear is Mario Woody is {Luigi}
86%
If Marge Simpson is Fiona Homer Simpson is {Shrek}
84%
If Robin Hood is Han Solo Maid Marion is {Princess Leia}
81%
If Macaroni is Peanut Butter Cheese is {Jelly}
77%
If Napoleon is Garfunkel Josephine is {Simon}
76%
If Clair Huxtable is Wilma Flintstone Cliff Huxtable is {Fred Flintstone}
73%
If Lilo is R2D2 Stitch is {C3PO}
73%
If Prince Charming is Donald Duck Cinderella is {Daisy Duck}
72%
If Adam is Thelma Eve is {Louise}
69%
If Spock is Chewbaka Captain Kirk is {Han Solo}
68%
If JFK is Marc Atony Jackie Kennedy is {Cleopatra}
66%
If Romeo is Bert Juliet is {Ernie}
65%
If Netflix is Rum Chill is {Coke}
61%
If Sherlock is Sonny Dr. Watson is {Cher}
52%
If Kermit is Frodo Ms. Piggy is {Sam}
51%
If Simba is Popeye Nala is {Olive Oyl}
40%
If Martin Luther King Jr. is Rhett Butler Coretta Scott King is {Scarlet O'Hara}
31%
If President FDR is President Gerald Ford Elenore Roosevelt is {Betty Ford}
29%
No matching quizzes found
Score Distribution
Percent of People with Each Score
Percentile by Number Answered
Your Score History
You have not taken this quiz